LEADER 01365nam a2200265 i 4500 001 000000166914 003 CaOOAMICUS 005 20071120000000.0 008 071120s1962 it u000 u ita u 013 $a144285 040 $aSeMil$bita 100 1 $aFontana, Pio,$d<1927-2001>.$0(OLS)http://semarc/name/62816 245 12$aI Cinque Canti e la storia della poetica del Furioso /$cPio Fontana. 260 $aMilano :$bVita e Pensiero,$c1962. 300 $a111 p. ;$c25 cm. 490 0 $aPubblicazioni dell'Università Cattolica del Sacro Cuore 490 0 $aPubblicazioni dell'Università cattolica del Sacro Cuore. Contributi. Ser. 3., Scienze filologiche e letteratura ;$v4 650 4$aAriosto, Ludovico <1474-1533> . Cinque Canti.$0(OLS)http://semarc/subject/31814 830 0$aPubblicazioni dell'Università Cattolica del Sacro Cuore.$0(OLS)http://semarc/title/18117 830 0$aPubblicazioni dell'Università cattolica del Sacro Cuore. Ser. 3., Scienze filologiche e letteratura. Contributi ;$v4.$0(OLS)http://semarc/title/24719 850 $aSeMil 852 $aSeMil$W1$xVenegono$y1$m1E V 41$j118074$B118074$CSeMilBibl$Z2$F129028 $81 961 $aRecupero: Altro 996 $6245$aI Cinque Canti e la storia della poetica del Furioso$9(OLS)http://semarc/title/238642 996 $6260$aMilano :$bVita e Pensiero$9(OLS)http://semarc/publisher/29642 LEADER 01755nam a2200289 i 4500 001 000000029827 003 CaOOAMICUS 005 20210415121224.0 008 180830s18271830it u000 u lat u 040 $aSeMil$bita 100 1 $aGaisruck, Karl Kajetan : von,$d<1769-1846>.$0(OLS)http://semarc/name/4068 245 10$aThesaurus Patrum floresque doctorum ... dicta, sententiae et exampla ex ss. patribus probatissimisque scriptoribus collecta, et per locos comunes distributa, cura et opere plurimorum rebus sacris addictorum. Opus eminentissimo et reverendissimo Carolo Cajetano s.r.e. cardinali Gajsruck archiepiscopo mediolanensi humiliter dicatum. 260 $aMediolani :$bApud A. F. Stella et fil.,$c1827-1830$e(Mediolani :$fEx typis Bernardoni) 300 $a7 v. ;$c8°. 500 $aIl nome del curatore, Armand-Benjamin Caillau dalla pref. 700 1 $aCaillau, Armand-Benjamin,$d<1794-1850>.$0(OLS)http://semarc/name/4923 700 1 $aStella, Antonio Fortunato & Figli,$c.$0(OLS)http://semarc/name/2846 774 0 $t[1].$g1$w()229390 774 0 $t[2].$g2$w()229398 774 0 $t[3].$g3$w()229399 774 0 $t[4].$g4$w()229400 774 0 $t[5].$g5$w()229401 774 0 $t[6].$g6$w()229402 774 0 $t[7].$g7$w()229403 996 $6245$aThesaurus Patrum floresque doctorum ... dicta, sententiae et exampla ex ss. patribus probatissimisque scriptoribus collecta, et per locos comunes distributa, cura et opere plurimorum rebus sacris addictorum. Opus eminentissimo et reverendissimo Carolo Cajetano s.r.e. cardinali Gajsruck archiepiscopo mediolanensi humiliter dicatum$9(OLS)http://semarc/title/40561 996 $6260$aMediolani :$bApud A. F. Stella et fil.$9(OLS)http://semarc/publisher/38233